000 00622nam a2200205 a 4500
008
020 _a1563634112 (hbk. )
049 _aMAIN
090 _aREF RS75
_bPHY
245 0 0 _aPhysicians' desk reference /
_cedited by Lori, Murray.
250 _a56th edition.
260 _aMontvale, N.J. :
_bMedical Economics. Inc.
_c2002.
300 _a[various pagings], 3635 p. :
_bill. ;
_c30 cm.
650 0 _aDrugs
_xDictionaries
_xPeriodicals.
907 _a.b10290485
_b10-06-11
_c01-02-11
003
005 20230120191431.0
040 _cNUST
942 _cBOOKS
_kREF RS75
_mPHY
999 _c101065
_d101065